Pengenalan perancangan pengangkutan

Bibliographic Details
Main Author: Bruton, Michael J. (Author)
Other Authors: Ahmad Hilmy Abd. Hamid (Translator), Othman Che Puan (Translator)
Format: Book
Language:Malay
Published: Sekudai, Johor : Penerbit Universiti Teknologi Malaysia 1995
Edition:Third Edition
Subjects:

MARC

LEADER 00000cam a2200000 7i4500
001 0000016888
005 20241028.0
008 060718 my may
020 |a 9835200254 
040 |a INS   |b eng   |e rda 
090 0 0 |a HE305   |b .B87 1995 
100 1 |a Bruton, Michael J. ,   |e author 
245 1 0 |a Pengenalan perancangan pengangkutan   |c Michael J. Bruton, penterjemah Othman Che Puan dan Ahmad Hilmy Abd. Hamid 
250 |a Third Edition 
264 1 |a Sekudai, Johor :   |b Penerbit Universiti Teknologi Malaysia   |c 1995 
300 |a 346 pages ;   |c 23 cm. 
500 |a Tajuk asal Introduction transportation planning 
504 |a Includes bibliographical references and index 
650 0 |a Urban transportatioon   |x Planning 
700 0 |a Ahmad Hilmy Abd. Hamid ,   |e translator 
700 0 |a Othman Che Puan ,   |e translator 
999 |a 0000017019   |b BOOK   |c Open Shelf   |e Default branch 
999 |a 0000017020   |b BOOK   |c Open Shelf   |e Default branch 
999 |a 0000017021   |b BOOK   |c Open Shelf   |e Default branch 
999 |a 0000017022   |b BOOK   |c Open Shelf   |e Default branch 
999 |a 0000017023   |b BOOK   |c Open Shelf   |e Default branch